[Event "BUL-ch U26"]
[Site "Sofia"]
[Date "2010.11.06"]
[Round "4"]
[White "Lazarov, Rosen"]
[Black "Bojchev, Marian"]
[Result "0-1"]
[WhiteElo "2227"]
[BlackElo "2400"]
[PlyCount "58"]
[EventDate "2010.11.03"]
[EventType "swiss"]
[EventRounds "7"]
[EventCountry "BUL"]
[SourceTitle "EXT 2011"]
[Source "ChessBase"]
[SourceDate "2010.11.26"]
[SourceVersion "1"]
[SourceVersionDate "2010.11.26"]
[SourceQuality "1"]

1. e4 c5 2. Nf3 e6 3. d3 Nc6 4. g3 g6 5. Bg2 Bg7 6. c3 d5 7. Nbd2 Nge7 8. 0-0 b6 9. Re1 Ba6 10. Qa4 Bb7 11. e5 Qd7 12. Qd1 g5 13. Nxg5 Nxe5 14. Ndf3 N5g6 15. Nxf7 Kxf7 16. Ng5+ Kg8 17. Bh3 Nf8 18. Rxe6 h6 19. Rxh6 Qe8 20. Rxh8+ Kxh8 21. Qg4 Qg6 22. Qh4+ Kg8 23. Bd2 Re8 24. Re1 Bf6 25. Be6+ Nxe6 26. Rxe6 Kg7 27. Bf4 Rh8 28. Qg4 Bc8 29. Be5 Bxe6 0-1

[Event "BUL-chT-B 60th"]
[Site "Albena"]
[Date "2010.05.28"]
[Round "3.1"]
[White "Lazarov, Rosen"]
[Black "Rusev, Jeliazko"]
[Result "0-1"]
[WhiteElo "2206"]
[BlackElo "2258"]
[PlyCount "112"]
[EventDate "2010.05.27"]
[EventType "team-tourn"]
[EventRounds "9"]
[EventCountry "BUL"]
[SourceTitle "CBM 136 Extra"]
[Source "ChessBase"]
[SourceDate "2010.07.02"]
[SourceVersion "2"]
[SourceVersionDate "2010.07.15"]
[SourceQuality "1"]
[WhiteTeam "Pleven Spartak XXI"]
[BlackTeam "Jambol Tundja"]
[WhiteTeamCountry "BUL"]
[BlackTeamCountry "BUL"]

1. e4 e5 2. Nf3 Nc6 3. Bb5 a6 4. Ba4 Nf6 5. d3 b5 6. Bb3 Be7 7. c3 0-0 8. Nbd2 d6 9. Nf1 Na5 10. Bc2 c5 11. Ng3 Qc7 12. 0-0 h6 13. h3 Be6 14. d4 cxd4 15. cxd4 Rfc8 16. Bd3 Bc4 17. d5 Nb7 18. Be3 Nc5 19. Bxc4 bxc4 20. Bxc5 Qxc5 21. Qe2 Rab8 22. Rfc1 Rb4 23. a3 Rb3 24. Nd2 Rxb2 25. Rxc4 Qxc4 26. Qxc4 Rxc4 27. Nxc4 Rc2 28. Ne3 Rc3 29. a4 Nd7 30. Rb1 Bf8 31. Rb4 Nc5 32. a5 g6 33. Ngf1 h5 34. Rb6 Ra3 35. Nc4 Ra1 36. g4 hxg4 37. hxg4 Nxe4 38. Rxa6 Ra2 39. Ra8 Nxf2 40. Nfd2 Nxg4 41. a6 Nf6 42. Nb3 Nxd5 43. Ra7 Nb4 44. Nca5 d5 45. Ra8 Nxa6 46. Rxa6 Bb4 47. Kf1 Kg7 48. Ra7 Bxa5 49. Nxa5 Kf6 50. Ke1 e4 51. Kd1 d4 52. Ra6+ Kf5 53. Ra7 f6 54. Nc6 Rxa7 55. Nxa7 g5 56. Nb5 Ke5 0-1

[Event "BUL-chT 54th"]
[Site "Plovdiv"]
[Date "2004.11.23"]
[Round "4.4"]
[White "Lazarov, Rosen"]
[Black "Georgiev, Krum"]
[Result "0-1"]
[WhiteElo "2217"]
[BlackElo "2448"]
[PlyCount "82"]
[EventDate "2004.11.20"]
[EventType "team-swiss"]
[EventRounds "7"]
[EventCountry "BUL"]
[SourceTitle "EXT 2006"]
[Source "ChessBase"]
[SourceDate "2005.11.24"]
[SourceVersion "1"]
[SourceVersionDate "2005.11.24"]
[SourceQuality "1"]
[WhiteTeam "Razgrad Abritus"]
[BlackTeam "Sofia Lokomotiv"]
[WhiteTeamCountry "BUL"]
[BlackTeamCountry "BUL"]

1. e4 c5 2. Nf3 d6 3. d4 cxd4 4. Nxd4 Nf6 5. Nc3 Bd7 6. Bg5 e6 7. Qd2 a6 8. f3 Be7 9. 0-0-0 0-0 10. h4 Nc6 11. g4 Rc8 12. Kb1 b5 13. Nxc6 Bxc6 14. Bd3 Qc7 15. Rdg1 Rfd8 16. Ne2 Qb7 17. h5 d5 18. Bxf6 Bxf6 19. g5 Be5 20. Qe3 dxe4 21. fxe4 Qe7 22. g6 Qb4 23. gxf7+ Kf8 24. b3 Bb7 25. h6 g6 26. Rg5 Qd6 27. Rf1 Rd7 28. Ng1 Bd4 29. Qc1 Bc3 30. Ne2 Be5 31. Ng1 Rxf7 32. Rxf7+ Kxf7 33. Nf3 Bf4 34. Qb2 Qf8 35. Ne5+ Ke8 36. Qd4 Rd8 37. Qb6 Bxg5 38. Qxb7 Qb4 39. Qc6+ Kf8 40. Nf3 Bxh6 41. Qxa6 Qc5 0-1

[Event "BUL-ch qual"]
[Site "Velingrad"]
[Date "2004.03.19"]
[Round "9"]
[White "Spassov, Liuben"]
[Black "Lazarov, Rosen"]
[Result "1-0"]
[WhiteElo "2394"]
[BlackElo "2234"]
[PlyCount "51"]
[EventDate "2004.03.13"]
[EventType "swiss"]
[EventRounds "9"]
[EventCountry "BUL"]
[SourceTitle "CBM 099 Extra"]
[Source "ChessBase"]
[SourceDate "2004.05.04"]
[SourceVersion "1"]
[SourceVersionDate "2004.05.04"]
[SourceQuality "1"]

1. d4 g6 2. c4 Bg7 3. e4 c5 4. d5 d6 5. Nc3 e5 6. g3 f5 7. Bg2 Nf6 8. Nge2 0-0 9. 0-0 fxe4 10. Nxe4 Nxe4 11. Bxe4 Bh3 12. Bg2 Bxg2 13. Kxg2 Nd7 14. Nc3 h6 15. Qd3 Kh7 16. Bd2 Nf6 17. f3 Qd7 18. Rae1 Qf5 19. Ne4 Nxe4 20. Rxe4 Rf7 21. b3 Raf8 22. Qe2 g5 23. h4 Qg6 24. Rg4 Rf5 25. Qe4 Bf6 26. h5 1-0

[Event "BUL-ch qual"]
[Site "Velingrad"]
[Date "2004.03.16"]
[Round "6"]
[White "Petkov, Petko"]
[Black "Lazarov, Rosen"]
[Result "0-1"]
[WhiteElo "2065"]
[BlackElo "2234"]
[PlyCount "80"]
[EventDate "2004.03.13"]
[EventType "swiss"]
[EventRounds "9"]
[EventCountry "BUL"]
[SourceTitle "CBM 099 Extra"]
[Source "ChessBase"]
[SourceDate "2004.05.04"]
[SourceVersion "1"]
[SourceVersionDate "2004.05.04"]
[SourceQuality "1"]

1. c4 e5 2. e3 Nc6 3. Nc3 g6 4. d4 d6 5. f4 exd4 6. exd4 Bg7 7. d5 Nd4 8. Bd3 Nh6 9. Be2 Bf5 10. Bd3 0-0 11. Bxf5 Nhxf5 12. Nge2 Qh4+ 13. g3 Qh3 14. Kf2 Rae8 15. Ng1 Qh6 16. h4 Bf6 17. Nf3 Qh5 18. Ng5 Qxd1 19. Rxd1 Nc2 20. Rb1 Bd4+ 21. Kf3 Ne1+ 22. Kg4 Bxc3 23. bxc3 h6 24. Ne6 h5+ 25. Kh3 fxe6 26. Rxe1 exd5 27. Rxe8 Rxe8 28. g4 hxg4+ 29. Kxg4 Re1 30. cxd5 b6 31. a4 a5 32. c4 Kf7 33. h5 Rg1+ 34. Kf3 gxh5 35. Ke4 Kg6 36. Ra1 h4 37. Bb2 Rg2 38. Bd4 h3 39. Rc1 Nxd4 40. Kxd4 h2 0-1

[Event "BUL-chT"]
[Site "Plovdiv"]
[Date "2003.11.09"]
[Round "7"]
[White "Lazarov, Rosen"]
[Black "Georgiev, Veselin"]
[Result "1/2-1/2"]
[WhiteElo "2207"]
[BlackElo "2330"]
[PlyCount "68"]
[EventDate "2003.11.??"]
[EventType "team"]
[EventRounds "9"]
[EventCountry "BUL"]
[SourceTitle "CBM 097 Extra"]
[Source "ChessBase"]
[SourceDate "2004.01.13"]
[SourceVersion "1"]
[SourceVersionDate "2004.01.13"]
[SourceQuality "1"]

1. e4 d6 2. d4 Nf6 3. Bd3 e5 4. c3 g6 5. f4 Bg7 6. Nf3 Nbd7 7. fxe5 dxe5 8. dxe5 Ng4 9. Bg5 f6 10. exf6 Bxf6 11. Bxf6 Qxf6 12. Qd2 Nde5 13. 0-0 Qb6+ 14. Nd4 Bd7 15. Be2 0-0-0 16. b4 Rhf8 17. Na3 Qd6 18. g3 Nf6 19. Qe3 Bh3 20. Nab5 Qb6 21. a4 Nfg4 22. Bxg4+ Nxg4 23. Qe2 Bxf1 24. Qxg4+ Kb8 25. Rxf1 Rxf1+ 26. Kxf1 a6 27. Ne6 h5 28. Qf4 axb5 29. Nxd8 bxa4 30. Qf8 Ka7 31. Qf7 a3 32. Kg2 Qe3 33. Nc6+ bxc6 34. Qxc7+ Ka8 1/2-1/2

[Event "BUL-chT"]
[Site "Borovetz"]
[Date "2002.09.23"]
[Round "5"]
[White "Kuzev, Jordan"]
[Black "Lazarov, Rosen"]
[Result "1/2-1/2"]
[WhiteElo "2277"]
[BlackElo "2206"]
[PlyCount "109"]
[EventDate "2002.09.19"]
[EventType "team-tourn"]
[EventRounds "7"]
[EventCountry "BUL"]
[SourceTitle "EXT 2006"]
[Source "ChessBase"]
[SourceDate "2005.11.24"]
[SourceVersion "1"]
[SourceVersionDate "2005.11.24"]
[SourceQuality "1"]

1. e4 d5 2. exd5 Qxd5 3. Nc3 Qd6 4. d4 Nf6 5. Bc4 a6 6. Nf3 Bg4 7. h3 Bh5 8. Be3 Nc6 9. Qe2 0-0-0 10. 0-0-0 e6 11. Rhe1 Nd5 12. Ne4 Qb4 13. g4 Bg6 14. Bd2 Qb6 15. c3 Be7 16. Bg5 Bxg5+ 17. Nfxg5 h6 18. Nf3 Nf4 19. Qd2 Nxh3 20. Bf1 Ng5 21. Nfxg5 hxg5 22. Qxg5 Nxd4 23. Qc5 Qxc5 24. Nxc5 Nc6 25. Bg2 Rxd1+ 26. Rxd1 Nd8 27. Kd2 Rh2 28. Rg1 a5 29. Ke3 b6 30. Nb3 Nb7 31. Bf3 Nd6 32. Nd2 Rh3 33. Rh1 Rxh1 34. Bxh1 Kd7 35. f4 f6 36. Bf3 c5 37. c4 Bc2 38. Be2 Nf7 39. Bf3 Kd6 40. Be4 Bxe4 41. Nxe4+ Kc6 42. b3 Nd6 43. Nc3 b5 44. cxb5+ Nxb5 45. Ne4 Nc7 46. f5 exf5 47. gxf5 Nd5+ 48. Kf3 Nb4 49. Nc3 c4 50. Ke4 Nxa2 51. Nxa2 cxb3 52. Nc3 Kc5 53. Kd3 Kd6 54. Kd4 b2 55. Nb1 1/2-1/2

[Event "BUL-chT"]
[Site "Pamporovo"]
[Date "2001.10.07"]
[Round "6"]
[White "Lazarov, Rosen"]
[Black "Tashkov, Rumen"]
[Result "1-0"]
[WhiteElo "2166"]
[BlackElo "2255"]
[PlyCount "83"]
[EventDate "2001.10.03"]
[EventType "team"]
[EventRounds "7"]
[EventCountry "BUL"]
[SourceTitle "CBM 084 Extra"]
[Source "ChessBase"]
[SourceDate "2001.10.26"]
[SourceVersion "1"]
[SourceVersionDate "2001.10.26"]
[SourceQuality "1"]

1. e4 d6 2. d4 Nf6 3. Bd3 g6 4. c3 Bg7 5. f4 e5 6. Nf3 exd4 7. cxd4 0-0 8. 0-0 Nc6 9. Nc3 Bg4 10. Be3 Nd7 11. Be2 Nb6 12. d5 Ne7 13. Bd4 Bxd4+ 14. Qxd4 c6 15. dxc6 Nxc6 16. Qd2 Qf6 17. Rfd1 Rad8 18. a4 Rfe8 19. a5 Bxf3 20. gxf3 Nd7 21. Nd5 Qg7 22. a6 Nc5 23. Ra3 bxa6 24. b4 Ne6 25. Rxa6 Ned4 26. b5 Nxe2+ 27. Qxe2 Nd4 28. Qd3 Ne6 29. Rxa7 g5 30. f5 Nc5 31. Qd4 Re5 32. f6 Qh6 33. Ne7+ Rxe7 34. fxe7 Re8 35. Qxd6 Ne6 36. Qd7 Ng7 37. Ra6 Qh5 38. Qg4 Qxg4+ 39. fxg4 Rxe7 40. Rd8+ Ne8 41. Raa8 Kf8 42. b6 1-0

[Event "BUL-chT"]
[Site "Pamporovo"]
[Date "2001.10.06"]
[Round "5"]
[White "Ninov, Ventsislav"]
[Black "Lazarov, Rosen"]
[Result "1-0"]
[WhiteElo "2210"]
[BlackElo "2166"]
[PlyCount "133"]
[EventDate "2001.10.03"]
[EventType "team"]
[EventRounds "7"]
[EventCountry "BUL"]
[SourceTitle "CBM 084 Extra"]
[Source "ChessBase"]
[SourceDate "2001.10.26"]
[SourceVersion "1"]
[SourceVersionDate "2001.10.26"]
[SourceQuality "1"]

1. e4 d5 2. exd5 Qxd5 3. Nc3 Qa5 4. Nf3 Nf6 5. d4 Bg4 6. h3 Bh5 7. Be2 Nc6 8. Bb5 0-0-0 9. Bxc6 bxc6 10. g4 Bg6 11. Bd2 Qa6 12. Qe2 Qxe2+ 13. Kxe2 e6 14. Be3 Bb4 15. Ne5 Kb7 16. a3 Bd6 17. Rac1 Nd5 18. Nxg6 hxg6 19. Ne4 Nf4+ 20. Kf3 Nd5 21. c4 Nf6 22. Nxd6+ Rxd6 23. b4 Nd7 24. Rcd1 e5 25. Kg2 f5 26. gxf5 gxf5 27. dxe5 Rg6+ 28. Kf1 Nxe5 29. Rd4 Re6 30. Kg2 Rh5 31. Bf4 Ng6 32. Bg3 Rf6 33. f4 Nf8 34. Re1 Ne6 35. Rd7 Rg6 36. Kh2 Rhh6 37. Re7 Nd4 38. R1e3 Re6 39. R3xe6 Nxe6 40. Rd7 Kc8 41. Rd3 a6 42. Kg2 Rh7 43. Re3 Rh6 44. Re5 Rf6 45. h4 g6 46. Bh2 Nd8 47. Bg1 Re6 48. Ra5 Re4 49. Kf3 Ne6 50. Be3 c5 51. bxc5 Rxc4 52. Rxa6 Kd7 53. Ra8 Nxc5 54. Rg8 Rc3 55. Rxg6 Rxa3 56. Rg7+ Ke8 57. Rxc7 Ne6 58. Rb7 Kf8 59. h5 Kg8 60. Re7 Ra6 61. Kg3 Ng7 62. Kh4 Re6 63. Rxe6 Nxe6 64. h6 Kh7 65. Kh5 Nf8 66. Bd4 Ng6 67. Be5 1-0

[Event "BUL-chT"]
[Site "Pamporovo"]
[Date "2001.10.04"]
[Round "3"]
[White "Lazarov, Rosen"]
[Black "Panaiotov, Janko"]
[Result "1-0"]
[WhiteElo "2166"]
[BlackElo "2306"]
[PlyCount "68"]
[EventDate "2001.10.03"]
[EventType "team"]
[EventRounds "7"]
[EventCountry "BUL"]
[SourceTitle "CBM 084 Extra"]
[Source "ChessBase"]
[SourceDate "2001.10.26"]
[SourceVersion "1"]
[SourceVersionDate "2001.10.26"]
[SourceQuality "1"]

1. e4 c5 2. Nf3 Nc6 3. d3 g6 4. g3 Bg7 5. Bg2 d6 6. c3 Nf6 7. 0-0 0-0 8. Nbd2 Bd7 9. a4 a6 10. Re1 Qc7 11. Nb3 b5 12. e5 Ng4 13. exd6 exd6 14. Bf4 Na7 15. axb5 axb5 16. Ra6 Nc6 17. Rxa8 Rxa8 18. h3 Nf6 19. Nxc5 Nh5 20. Nxd7 Nxf4 21. gxf4 Qxd7 22. Qb3 Rb8 23. Ng5 Nd8 24. Qd5 b4 25. Ne4 bxc3 26. bxc3 Ne6 27. d4 Rd8 28. f5 Nf4 29. Qa5 Re8 30. Re3 gxf5 31. Ng3 Nxg2 32. Kxg2 Rxe3 33. fxe3 d5 34. Nh5 Qe6 1-0